Biblioteca y Centro de Documentación

Función publica (Registro nro. 51069)

Detalles MARC
000 -CABECERA
Longitud fija campo de control 01633nam a2200397 c 4500
001 - NÚMERO DE CONTROL
Número de control 51069
003 - IDENTIFICADOR DE NÚMERO DE CONTROL
Identificador del número de control ES-MaCES
005 - FECHA Y HORA DE LA ÚLTIMA TRANSACCIÓN
Fecha y hora de la última transacción 20190507110815.0
008 - CAMPO FIJO DE DESCRIPCIÓN FIJA--INFORMACIÓN GENERAL
Códigos de información de longitud fija   181220s2018 sp l o000 | spa d
017 ## - NÚMERO DE REGISTRO DE DERECHOS DE AUTOR Y DEPÓSITO LEGAL
Número de copyright o de depósito legal M 3082-2002
Agencia que asigna el número DL
020 ## - ISBN (INTERNATIONAL STANDARD BOOK NUMBER)
Número Internacional Normalizado para Libros (ISBN) 9788447609390
024 7# - OTROS IDENTIFICADORES
Número normalizado o código 169-18-072-9
Fuente del número o código nipo
024 7# - OTROS IDENTIFICADORES
Número normalizado o código 057-18-068-1
Fuente del número o código nipo
040 ## - FUENTE DE CATALOGACIÓN
Centro catalogador de origen ES-MaCES
Lengua de catalogación spa
Centro transcriptor ES-MaCES
110 1# - ENCABEZAMIENTO PRINCIPAL--NOMBRE CORPORATIVO
Nombre de entidad corporativa o nombre de jurisdicción como elemento inicial España
Título de la obra Leyes, etc., de la Función Pública
9 (RLIN) 3097
245 10 - MENCIÓN DE TÍTULO
Título Función publica
250 ## - MENCIÓN DE EDICIÓN
Mención de edición 2ª ed
260 ## - PUBLICACIÓN, DISTRIBUCIÓN, ETC (PIE DE IMPRENTA)
Lugar de publicación, distribución, etc. [Madrid]
Nombre del editor, distribuidor, etc. Ministerio de Hacienda
-- Ministerio de Economía y Empresa
Fecha de publicación, distribución, etc. 2018
300 ## - DESCRIPCIÓN FÍSICA
Extensión 280 p.
Dimensiones 17 cm
490 1# - MENCIÓN DE SERIE
Mención de serie Textos legales / separata del Boletín Oficial de los Ministerios de Hacienda y de Economía y Empresa
Designación de volumen o secuencia 5-2018
500 ## - NOTA GENERAL
Nota general Anteriormente v.a.: Ministerios de Hacienda y Administraciones Públicas Ministerio de Economía y Competitividad ; Textos legales / separata del Boletín Oficial de los Ministerios de Hacienda y Administraciones Públicas y de Economía y Competitividad <br/>
500 ## - NOTA GENERAL
Nota general Índices
541 ## - NOTA DE LA FUENTE INMEDIANTE DE ADQUISICIÓN
Forma de adquisición Gratuito
650 #7 - ASIENTO SECUNDARIO DE MATERIA--TÉRMINO DE MATERIA
Término de materia o nombre geográfico como elemento inicial función pública
9 (RLIN) 27225
650 #7 - ASIENTO SECUNDARIO DE MATERIA--TÉRMINO DE MATERIA
Término de materia o nombre geográfico como elemento inicial funcionario
9 (RLIN) 27224
650 #7 - ASIENTO SECUNDARIO DE MATERIA--TÉRMINO DE MATERIA
Término de materia o nombre geográfico como elemento inicial legislación económica
9 (RLIN) 27161
650 #4 - ASIENTO SECUNDARIO DE MATERIA--TÉRMINO DE MATERIA
Término de materia o nombre geográfico como elemento inicial España
9 (RLIN) 26964
650 #4 - ASIENTO SECUNDARIO DE MATERIA--TÉRMINO DE MATERIA
Término de materia o nombre geográfico como elemento inicial texto
9 (RLIN) 29624
653 10 - TÉRMINO DE INDEXACIÓN--NO CONTROLADO
Término no controlado Legislación
710 1# - ENCABEZAMIENTO SECUNDARIO--NOMBRE CORPORATIVO
Nombre de entidad o nombre de jurisdicción como elemento inicial España
Unidad subordinada Ministerio de Hacienda
Término indicativo de función ed.
9 (RLIN) 3245
710 1# - ENCABEZAMIENTO SECUNDARIO--NOMBRE CORPORATIVO
9 (RLIN) 39396
Nombre de entidad o nombre de jurisdicción como elemento inicial España
Unidad subordinada Ministerio de Economía y Empresa
Término indicativo de función ed.
775 0# - ENTRADA DE OTRA EDICIÓN
Título Función pública
Número de control del registro relacionado (ES-MaCES)24857
830 #0 - ENCABEZAMIENTO SECUNDARIO DE COLECCIÓN--TÍTULO UNIFORME
Título uniforme Textos legales / separata del Boletín Oficial de los Ministerios de Hacienda y de Economía y Empresa
Designación de volumen o secuencia 5-2018
9 (RLIN) 39395
902 ## - CES. TIPO DE DOCUMENTO
Tipodoc (006$c Sirtex) LIB Libro
942 ## - ELEMENTOS KOHA
Fuente de clasificaión o esquema Clasificación propia del CES
Koha [por defecto] tipo de item Monografías
Parte de clasificación Legislación
Existencias
Número de registro Signatura completa Tipo de item de Koha
091169 DPT-13848 Monografías
© CES, Consejo Económico y Social de España 2021